[Event "GER-chT Betriebe 15th"]
[Site "Munich"]
[Date "2015.10.25"]
[Round "7.1"]
[White "Blum, Norbert"]
[Black "Hiltner, Karlpeter"]
[Result "1-0"]
[WhiteElo "2027"]
[BlackElo "1805"]
[PlyCount "113"]
[EventDate "2015.10.22"]
[EventType "team-swiss"]
[EventRounds "7"]
[EventCountry "GER"]
[SourceTitle "EXT 2020"]
[Source "ChessBase"]
[SourceDate "2019.10.17"]
[SourceVersion "1"]
[SourceVersionDate "2019.10.17"]
[SourceQuality "1"]
[WhiteTeam "Stuttgart Sparkassen-Vers"]
[BlackTeam "Muenchen EPA IV"]
[WhiteTeamCountry "GER"]
[BlackTeamCountry "GER"]

1. e4 e6 2. d4 d5 3. Nc3 Bb4 4. a3 Bxc3+ 5. bxc3 Ne7 6. exd5 exd5 7. Qf3 0-0 8. Bd3 Nd7 9. Ne2 f5 10. 0-0 c6 11. Qg3 Nf6 12. f3 Kh8 13. Nf4 Rf7 14. Re1 Bd7 15. Bd2 Qg8 16. h4 g6 17. Ne6 Qc8 18. Ng5 Rg7 19. Qd6 Neg8 20. Bf4 Qf8 21. Qc7 Bc8 22. Qe5 Re7 23. Qd6 Rxe1+ 24. Rxe1 Qxd6 25. Nf7+ Kg7 26. Nxd6 b5 27. Kf2 Kf8 28. Re3 Bd7 29. Ke1 Nh5 30. Be5 f4 31. Re2 Ne7 32. Kd2 h6 33. Nb7 Kf7 34. Bd6 Ng8 35. Bc5 Ng3 36. Re5 a5 37. a4 Bf5 38. axb5 Bxd3 39. Kxd3 cxb5 40. Nd6+ Kg7 41. Rxd5 b4 42. cxb4 a4 43. Re5 a3 44. Re1 a2 45. Ra1 Kf6 46. b5 Ne7 47. Ne4+ Ke6 48. Nxg3 fxg3 49. Bxe7 Kxe7 50. c4 Ra3+ 51. Ke4 Ke6 52. Kf4 Rd3 53. d5+ Kd6 54. Rxa2 Rd4+ 55. Kxg3 Rxc4 56. Ra6+ Kxd5 57. Rxg6 1-0

[Event "GER-chT Betriebe 15th"]
[Site "Munich"]
[Date "2015.10.23"]
[Round "3.1"]
[White "Weidl, Robert"]
[Black "Hiltner, Karlpeter"]
[Result "1-0"]
[WhiteElo "1875"]
[BlackElo "1805"]
[PlyCount "104"]
[EventDate "2015.10.22"]
[EventType "team-swiss"]
[EventRounds "7"]
[EventCountry "GER"]
[SourceTitle "EXT 2020"]
[Source "ChessBase"]
[SourceDate "2019.10.17"]
[SourceVersion "1"]
[SourceVersionDate "2019.10.17"]
[SourceQuality "1"]
[WhiteTeam "Muenchen ADAC II"]
[BlackTeam "Muenchen EPA IV"]
[WhiteTeamCountry "GER"]
[BlackTeamCountry "GER"]

1. e4 e6 2. d4 d5 3. Nc3 Bb4 4. e5 f5 5. Qh5+ g6 6. Qh3 c6 7. Nf3 Be7 8. Bd3 b5 9. Ne2 Nd7 10. Nf4 Nf8 11. Rg1 Kd7 12. g4 Kc7 13. Bd2 a5 14. a4 b4 15. c3 Rb8 16. c4 g5 17. Nh5 f4 18. Ng7 Bd7 19. cxd5 cxd5 20. Rc1+ Kb6 21. b3 h6 22. Ke2 Nh7 23. Rc2 Qf8 24. Nh5 Rc8 25. Rgc1 Rxc2 26. Rxc2 Bd8 27. Qf1 Ne7 28. Bxh7 Rxh7 29. Nf6 Nc6 30. Nxh7 Qg7 31. Nf6 Bxf6 32. exf6 Qxf6 33. Ke1 Nxd4 34. Nxd4 Qxd4 35. Qe2 e5 36. Bc1 Qe4 37. Qxe4 dxe4 38. Bb2 Bxg4 39. Bxe5 Be6 40. Rb2 f3 41. Kd2 Bd5 42. Kc2 e3 43. Bd4+ Kc6 44. Bxe3 Be4+ 45. Kc1 Bd5 46. Rc2+ Kd6 47. Kb2 Ke5 48. Bb6 h5 49. Bxa5 h4 50. Bxb4 g4 51. Be1 Kf4 52. b4 Ke5 1-0

[Event "GER-chT Betriebe 15th"]
[Site "Munich"]
[Date "2015.10.22"]
[Round "2.2"]
[White "Mueller, Joerg"]
[Black "Hiltner, Karlpeter"]
[Result "1-0"]
[WhiteElo "2112"]
[BlackElo "1805"]
[PlyCount "155"]
[EventDate "2015.10.22"]
[EventType "team-swiss"]
[EventRounds "7"]
[EventCountry "GER"]
[SourceTitle "EXT 2020"]
[Source "ChessBase"]
[SourceDate "2019.10.17"]
[SourceVersion "1"]
[SourceVersionDate "2019.10.17"]
[SourceQuality "1"]
[WhiteTeam "Hamburg Rapid Unilever"]
[BlackTeam "Muenchen EPA IV"]
[WhiteTeamCountry "GER"]
[BlackTeamCountry "GER"]

1. e4 e6 2. d4 d5 3. e5 c5 4. c3 Bd7 5. Nf3 Nc6 6. dxc5 Bxc5 7. Bd3 h6 8. 0-0 a5 9. Qe2 Nge7 10. Bf4 0-0 11. Nbd2 f5 12. exf6 Rxf6 13. Bg3 Nf5 14. Nb3 Be7 15. Nbd4 Nxg3 16. hxg3 Bd6 17. Rae1 Nxd4 18. cxd4 Be8 19. Nh4 Qb6 20. Rd1 Kh8 21. Bb1 g5 22. Qc2 Qc7 23. Nf3 Qg7 24. a3 Bh5 25. Qc3 Rf7 26. Rd3 Rc7 27. Qd2 b5 28. Re3 Bf7 29. Ne5 Be8 30. Rfe1 b4 31. Qe2 Rac8 32. Qa6 Bxe5 33. Rxe5 Bf7 34. Qxa5 bxa3 35. Qxa3 Rc1 36. Qe3 R1c4 37. g4 Rb8 38. b3 Rc6 39. Kh2 Rbc8 40. Qd2 Rc3 41. b4 Qf6 42. Bd3 Qf4+ 43. Qxf4 gxf4 44. Rd1 Rb3 45. b5 Rcc3 46. Bf1 Kg7 47. Ree1 Kf6 48. Rb1 Bg6 49. Ra1 Rb2 50. Kg1 f3 51. Ra6 Bf7 52. Rc6 Rxc6 53. bxc6 Rc2 54. gxf3 Rxc6 55. Kg2 h5 56. Kg3 Rc2 57. Rd1 Kg5 58. f4+ Kf6 59. g5+ Ke7 60. Bd3 Rc3 61. Kh4 Rc8 62. g6 Bg8 63. Kg5 h4 64. f5 exf5 65. Re1+ Kd6 66. Bxf5 Rf8 67. Rh1 h3 68. f4 Ke7 69. Re1+ Kd6 70. Bxh3 Rb8 71. f5 Rb3 72. Bg4 Rd3 73. Rd1 Re3 74. f6 Be6 75. Bxe6 Kxe6 76. Rf1 Rg3+ 77. Kh6 Rh3+ 78. Kg7 1-0

[Event "Baden-ch Seniors"]
[Site "Emmendingen"]
[Date "2012.06.07"]
[Round "6"]
[White "Scharhag, Wilhelm"]
[Black "Hiltner, Karlpeter"]
[Result "1-0"]
[WhiteElo "1692"]
[BlackElo "1843"]
[PlyCount "71"]
[EventDate "2012.06.02"]
[EventType "swiss"]
[EventRounds "9"]
[EventCountry "GER"]
[SourceTitle "CBM 148 Extra"]
[Source "ChessBase"]
[SourceDate "2012.06.22"]
[SourceVersion "1"]
[SourceVersionDate "2012.06.22"]
[SourceQuality "1"]

1. e4 e6 2. d4 d5 3. exd5 exd5 4. Bd3 Be7 5. Nf3 c6 6. 0-0 Bg4 7. Bf4 Nf6 8. Nbd2 0-0 9. h3 Bh5 10. c3 Nbd7 11. Qc2 Bg6 12. Rae1 Bxd3 13. Qxd3 h6 14. Re2 Nh7 15. Rfe1 Bg5 16. Bxg5 Nxg5 17. Nxg5 Qxg5 18. Re7 Rad8 19. Nf3 Qh5 20. Ne5 Nxe5 21. R1xe5 f5 22. Rxb7 Rd6 23. Ree7 Rg6 24. Qe2 Qh4 25. Rxa7 f4 26. Qe5 Rff6 27. Kf1 Rxg2 28. Kxg2 Rg6+ 29. Kf1 Qxh3+ 30. Ke2 Qg4+ 31. Kd2 Qg2 32. Qxf4 Rf6 33. Rxg7+ Qxg7 34. Rxg7+ Kxg7 35. Qe5 Kg6 36. f4 1-0

[Event "Baden-ch Seniors"]
[Site "Emmendingen"]
[Date "2012.06.02"]
[Round "1"]
[White "Hiltner, Karlpeter"]
[Black "Schrems, Hermann"]
[Result "0-1"]
[WhiteElo "1843"]
[BlackElo "2120"]
[PlyCount "92"]
[EventDate "2012.06.02"]
[EventType "swiss"]
[EventRounds "9"]
[EventCountry "GER"]
[SourceTitle "CBM 148 Extra"]
[Source "ChessBase"]
[SourceDate "2012.06.22"]
[SourceVersion "1"]
[SourceVersionDate "2012.06.22"]
[SourceQuality "1"]

1. d4 Nf6 2. Nf3 g6 3. c4 Bg7 4. Nc3 d5 5. e3 0-0 6. h3 c5 7. dxc5 Qa5 8. Bd2 Qxc5 9. b4 Qd6 10. c5 Qd8 11. Rb1 b6 12. cxb6 axb6 13. a4 Bf5 14. Rb3 e5 15. Bb5 d4 16. Ne2 Qc8 17. Rb2 Rd8 18. Ng3 dxe3 19. fxe3 Ne4 20. Nxe4 Bxe4 21. 0-0 h6 22. Qe2 Nd7 23. Rc1 Qb7 24. Ne1 Nf6 25. Rb3 Qd5 26. Rb2 Qd6 27. Bc3 Nd5 28. Bd2 Rac8 29. Rc4 Nf6 30. Rxc8 Rxc8 31. Bd3 Bd5 32. e4 Bxe4 33. Bxe4 Qd4+ 34. Be3 Qxe4 35. Bxb6 Rc1 36. Be3 Ra1 37. a5 Nd5 38. Bf2 Qxe2 39. Rxe2 Nxb4 40. Bb6 f5 41. Kh2 e4 42. g3 Kf7 43. h4 Bf6 44. Ng2 g5 45. h5 Ke6 46. g4 Be5+ 0-1